000
00332nam a2200133Ia 4500
008
100328s9999 xx 000 0 und d
082
_b
27811
100
_a
जाधव टी.के.
245
_a
मुखवटा
260
_b
ाारा.
630
_a
मुखवटा
730
_a
मुखवटा
942
_c
BOOK
999
_c
519517
_d
519514